<?xml version='1.0' encoding='UTF-8'?>
  <record xmlns="http://www.loc.gov/MARC21/slim">
    <leader>00000cam a22000007i 4500</leader>
    <controlfield tag="001">ocm66810576</controlfield>
    <controlfield tag="003">OCoLC</controlfield>
    <controlfield tag="005">20250322214619.5</controlfield>
    <controlfield tag="008">031214s1592    gw            000 0 ger d</controlfield>
    <datafield tag="040" ind1=" " ind2=" ">
      <subfield code="a">NLGGC</subfield>
      <subfield code="b">dut</subfield>
      <subfield code="e">fobidrtb</subfield>
      <subfield code="c">NLGGC</subfield>
    </datafield>
    <datafield tag="029" ind1="0" ind2=" ">
      <subfield code="a">NLGGC</subfield>
      <subfield code="b">257701230</subfield>
    </datafield>
    <datafield tag="035" ind1=" " ind2=" ">
      <subfield code="a">(OCoLC)66810576</subfield>
    </datafield>
    <datafield tag="245" ind1="0" ind2="0">
      <subfield code="a">Warhafftige Zeitung von Coverden, was sich davor begeben und zugetragen hat, welcher Gestalt man die erobert und eingenommen hat.</subfield>
      <subfield code="b">die ander erschreckliche Zeitung, von dem Erbfeindt dem Turcken, wie er die Statt Wihitsch eingenommen, und mit den Einwonern so erbermlich umbgangen, und in acht tausendt Menschen umbracht, geschehen, den 19. Junij 1592. die dritte Zeytung, von dem Mosskowitter, wie er die Festung und Stat, die Teusche Narva genandt, eingenommen alles Volck erwörget, klein und gross, das Kindt in Mutterleib nicht verschondt.</subfield>
    </datafield>
    <datafield tag="246" ind1="3" ind2=" ">
      <subfield code="a">ander erschreckliche Zeitung, von dem Erbfeindt dem Turcken, wie er die Statt Wihitsch eingenommen, und mit den Einwonern so erbermlich umbgangen, und in acht tausendt Menschen umbracht, geschehen, den 19. Junij 1592</subfield>
    </datafield>
    <datafield tag="246" ind1="3" ind2=" ">
      <subfield code="a">dritte Zeytung, von dem Mosskowitter, wie er die Festung und Stat, die Teusche Narva genandt, eingenommen alles Volck erwörget, klein und gross, das Kindt in Mutterleib nicht verschondt</subfield>
    </datafield>
    <datafield tag="260" ind1=" " ind2=" ">
      <subfield code="a">Zu Cölln :</subfield>
      <subfield code="b">durch Niclaus Schreiber,</subfield>
      <subfield code="c">1592.</subfield>
    </datafield>
    <datafield tag="300" ind1=" " ind2=" ">
      <subfield code="a">[8] p. ;</subfield>
      <subfield code="c">20 cm.</subfield>
    </datafield>
    <datafield tag="336" ind1=" " ind2=" ">
      <subfield code="a">tekst</subfield>
      <subfield code="b">txt</subfield>
      <subfield code="2">rdacontent/dut</subfield>
    </datafield>
    <datafield tag="337" ind1=" " ind2=" ">
      <subfield code="a">zonder medium</subfield>
      <subfield code="b">n</subfield>
      <subfield code="2">rdamedia/dut</subfield>
    </datafield>
    <datafield tag="338" ind1=" " ind2=" ">
      <subfield code="a">band</subfield>
      <subfield code="b">nc</subfield>
      <subfield code="2">rdacarrier/dut</subfield>
    </datafield>
    <datafield tag="510" ind1="0" ind2=" ">
      <subfield code="a">Van Someren 163</subfield>
    </datafield>
    <datafield tag="936" ind1=" " ind2=" ">
      <subfield code="a">BATCHLOAD</subfield>
    </datafield>
  </record>